00554nam a22001577a 4500082003300000100004100033245006300074250001200137260005200149300001600201526003700217650001300254942001200267999001900279952009800298 a347.95491bNIZcL-32, P-111. aNizami, Muhammad Mazhar Hasan937883 aThe code of civil procedurecMuhammad Mazhar Hasan Nizami. a5th ed. aLahore:bThe All Pakistan Legal Decisionsc1664 alx, 130 P.: a0b0c0d347_954910000000000_NIZ aMCE9379 2ddccBK c542633d542633 00102ddc4070aMCEbMCEd2014-02-06l0o347.95491 NIZpMCE-2331r2014-02-06w2014-02-06yBK